00314 a2200109 4500082001200000100003200012245006400044250001300108260003400121300003600155650001300191 a515 SWO aSwokowski,E. W... [et. al.] aCalculuscE. W. Swokowski, M. Olinick, D. Pence, J. A. Cole a6th. ed. aNew YorkbPWS Publisherc1992 axxiv, 1279+p. :bill. ;c25 cm. acalculus